| 000 | 00746nam a2200193Ia 4500 | ||
|---|---|---|---|
| 008 | 151121s9999||||xx |||||||||||||| ||und|| | ||
| 082 | _a081/मेहता | ||
| 082 | _bHNW-17883 | ||
| 100 | _aमेहता बाळूभाई लक्ष्मीदास | ||
| 245 | _aखादी-मीमांसा | ||
| 260 | _b"सुलभ राष्ट्रीय ग्रंथमाला, पुणे।" | ||
| 260 | _c-- | ||
| 300 | _a345 | ||
| 600 | _aमेहता बाळूभाई लक्ष्मीदास | ||
| 630 | _aखादी-मीमांसा | ||
| 700 | _aमेहता बाळूभाई लक्ष्मीदास | ||
| 730 | _aखादी-मीमांसा | ||
| 942 | _cBOOK | ||
| 999 |
_c1219924 _d1219921 |
||